[Event "Deutsche Ländermeisterschaft 2021"]
[Site "Neumünster GER"]
[Date "2021.10.04"]
[Round "4"]
[White "Costa, Leonardo"]
[Black "Reuker, Jari"]
[Result "0-1"]
[Termination "normal"]
[Board "1.1"]
[WhiteTitle "FM"]
[WhiteElo "2336"]
[BlackElo "2404"]
[WhiteClock "00:06:37"]
[BlackClock "00:04:15"]
[WhiteTeam "Bayern"]
[BlackTeam "SG Bremen / Niedersachsen"]
[PlyCount "166"]
[WhiteFideId "16213955"]
[BlackFideId "12909300"]
[EventCountry "GER"]
[EventRounds "7"]
[EventType "team-swiss"]
[EventDate "2021.10.01"]

1. e4 {[%clk 1:30:58]} c5 {[%clk 1:30:52]} 2. Nf3 {[%clk 1:31:25]} e6 {[%clk
1:31:14]} 3. d4 {[%clk 1:31:52]} cxd4 {[%clk 1:31:39]} 4. Nxd4 {[%clk 1:32:19]}
a6 {[%clk 1:31:51]} 5. Bd3 {[%clk 1:32:39]} Bc5 {[%clk 1:32:09]} 6. Nb3 {[%clk
1:32:59]} Ba7 {[%clk 1:32:27]} 7. O-O {[%clk 1:30:23]} Ne7 {[%clk 1:32:39]} 8.
Qe2 {[%clk 1:21:51]} Nbc6 {[%clk 1:32:52]} 9. Nc3 {[%clk 1:11:55]} O-O {[%clk
1:32:00]} 10. Be3 {[%clk 1:10:05]} b5 {[%clk 1:25:09]} 11. a3 {[%clk 1:06:39]}
Ne5 {[%clk 1:16:59]} 12. Bxa7 {[%clk 0:56:27]} Rxa7 {[%clk 1:17:09]} 13. f4
{[%clk 0:56:47]} Nxd3 {[%clk 1:14:33]} 14. Qxd3 {[%clk 0:54:40]} Qb6+ {[%clk
1:07:43]} 15. Kh1 {[%clk 0:53:49]} Rc7 {[%clk 0:59:02]} 16. Rad1 {[%clk
0:42:14]} Bb7 {[%clk 0:56:39]} 17. Qd6 {[%clk 0:35:53]} Qxd6 {[%clk 0:46:33]}
18. Rxd6 {[%clk 0:36:14]} Nc8 {[%clk 0:41:10]} 19. Rd4 {[%clk 0:31:07]} f5
{[%clk 0:41:00]} 20. e5 {[%clk 0:28:20]} Nb6 {[%clk 0:37:46]} 21. Na5 {[%clk
0:28:05]} Bd5 {[%clk 0:33:25]} 22. Kg1 {[%clk 0:22:30]} Rxc3 {[%clk 0:24:48]}
23. bxc3 {[%clk 0:22:52]} Rc8 {[%clk 0:25:14]} 24. c4 {[%clk 0:18:24]} bxc4
{[%clk 0:15:01]} 25. Rb1 {[%clk 0:17:59]} Na4 {[%clk 0:15:09]} 26. Kf2 {[%clk
0:18:18]} Nc3 {[%clk 0:13:19]} 27. Rb6 {[%clk 0:11:15]} Nb5 {[%clk 0:13:44]}
28. Rd1 {[%clk 0:11:37]} Nxa3 {[%clk 0:13:34]} 29. c3 {[%clk 0:12:04]} Nb5
{[%clk 0:10:50]} 30. Rc1 {[%clk 0:12:30]} Ra8 {[%clk 0:11:05]} 31. Ke3 {[%clk
0:10:37]} h6 {[%clk 0:10:43]} 32. Kd2 {[%clk 0:09:36]} g5 {[%clk 0:10:32]} 33.
g3 {[%clk 0:10:03]} Kh7 {[%clk 0:09:56]} 34. Rg1 {[%clk 0:10:02]} Kg6 {[%clk
0:08:11]} 35. h3 {[%clk 0:08:32]} Kh5 {[%clk 0:05:16]} 36. g4+ {[%clk 0:08:17]}
Kg6 {[%clk 0:05:05]} 37. gxf5+ {[%clk 0:07:32]} Kxf5 {[%clk 0:05:31]} 38. fxg5
{[%clk 0:07:59]} hxg5 {[%clk 0:05:50]} 39. Rg4 {[%clk 0:08:14]} Rh8 {[%clk
0:03:39]} 40. Rg3 {[%clk 0:08:28]} Kf4 {[%clk 0:03:05]} 41. Rg4+ {[%clk
0:07:34]} Kf3 {[%clk 0:26:09]} 42. Nxc4 {[%clk 0:34:15]} Rxh3 {[%clk 0:26:12]}
43. Ne3 {[%clk 0:34:42]} Be4 {[%clk 0:21:51]} 44. Rxg5 {[%clk 0:20:50]} Rh2+
{[%clk 0:18:11]} 45. Rg2 {[%clk 0:21:00]} Rxg2+ {[%clk 0:18:26]} 46. Nxg2
{[%clk 0:21:26]} Kxg2 {[%clk 0:18:44]} 47. Rxa6 {[%clk 0:20:52]} Bc6 {[%clk
0:17:51]} 48. c4 {[%clk 0:20:31]} Nd4 {[%clk 0:17:21]} 49. Ke3 {[%clk 0:20:17]}
Nf5+ {[%clk 0:15:03]} 50. Kf4 {[%clk 0:20:29]} Kf2 {[%clk 0:12:45]} 51. Ra2+
{[%clk 0:19:06]} Ke1 {[%clk 0:13:02]} 52. Kg5 {[%clk 0:17:38]} Kd1 {[%clk
0:10:56]} 53. c5 {[%clk 0:10:40]} Nd4 {[%clk 0:08:22]} 54. Kf6 {[%clk 0:06:21]}
Nb3 {[%clk 0:08:27]} 55. Ke7 {[%clk 0:05:48]} Nxc5 {[%clk 0:08:47]} 56. Kd6
{[%clk 0:05:45]} Ne4+ {[%clk 0:03:41]} 57. Ke7 {[%clk 0:05:58]} Ng5 {[%clk
0:02:27]} 58. Rb2 {[%clk 0:03:30]} Nf3 {[%clk 0:02:20]} 59. Kd6 {[%clk
0:03:55]} Nd2 {[%clk 0:02:32]} 60. Kc5 {[%clk 0:03:02]} Kc1 {[%clk 0:02:13]}
61. Ra2 {[%clk 0:03:12]} Nf3 {[%clk 0:01:58]} 62. Kd6 {[%clk 0:03:34]} Nd2
{[%clk 0:01:27]} 63. Kc5 {[%clk 0:04:00]} Nf3 {[%clk 0:01:55]} 64. Kd6 {[%clk
0:04:26]} Nd4 {[%clk 0:01:24]} 65. Kc5 {[%clk 0:03:21]} Nc2 {[%clk 0:01:23]}
66. Ra7 {[%clk 0:02:48]} Kd2 {[%clk 0:01:23]} 67. Kc4 {[%clk 0:03:05]} Ke3
{[%clk 0:01:08]} 68. Kc5 {[%clk 0:02:55]} Ke4 {[%clk 0:01:17]} 69. Ra2 {[%clk
0:02:58]} Nd4 {[%clk 0:01:00]} 70. Ra3 {[%clk 0:03:11]} Nf3 {[%clk 0:01:02]}
71. Ra2 {[%clk 0:03:20]} Nxe5 {[%clk 0:01:10]} 72. Re2+ {[%clk 0:03:44]} Kf5
{[%clk 0:01:31]} 73. Kd6 {[%clk 0:04:06]} Nc4+ {[%clk 0:01:43]} 74. Kc5 {[%clk
0:04:31]} Ne5 {[%clk 0:01:57]} 75. Kd6 {[%clk 0:04:57]} Nf3 {[%clk 0:02:09]}
76. Kc5 {[%clk 0:04:29]} e5 {[%clk 0:02:28]} 77. Re3 {[%clk 0:04:53]} Kf4
{[%clk 0:02:51]} 78. Re2 {[%clk 0:05:21]} e4 {[%clk 0:02:40]} 79. Kd6 {[%clk
0:05:48]} e3 {[%clk 0:02:57]} 80. Kc5 {[%clk 0:06:07]} Ke4 {[%clk 0:03:20]} 81.
Rb2 {[%clk 0:06:25]} Nd2 {[%clk 0:03:37]} 82. Rb8 {[%clk 0:06:16]} Kd3 {[%clk
0:03:56]} 83. Re8 {[%clk 0:06:37]} Ne4+ {[%clk 0:04:15]} 0-1

[Event "Deutsche Ländermeisterschaft 2021"]
[Site "Neumünster GER"]
[Date "2021.10.04"]
[Round "4"]
[White "Wachinger, Nikolas"]
[Black "Vuckovic, Zarko"]
[Result "0-1"]
[Termination "normal"]
[Board "1.2"]
[WhiteElo "2361"]
[BlackElo "2272"]
[WhiteClock "00:01:11"]
[BlackClock "00:04:59"]
[WhiteTeam "SG Bremen / Niedersachsen"]
[BlackTeam "Bayern"]
[PlyCount "78"]
[WhiteFideId "12962791"]
[BlackFideId "12952087"]
[EventCountry "GER"]
[EventRounds "7"]
[EventType "team-swiss"]
[EventDate "2021.10.01"]

1. e4 {[%clk 1:30:54]} c5 {[%clk 1:30:57]} 2. Nf3 {[%clk 1:31:17]} Nc6 {[%clk
1:31:24]} 3. d4 {[%clk 1:31:37]} cxd4 {[%clk 1:31:51]} 4. Nxd4 {[%clk 1:32:00]}
Nf6 {[%clk 1:32:19]} 5. Nc3 {[%clk 1:32:21]} e6 {[%clk 1:32:45]} 6. Nxc6 {[%clk
1:32:43]} dxc6 {[%clk 1:32:22]} 7. Qxd8+ {[%clk 1:29:39]} Kxd8 {[%clk 1:32:47]}
8. e5 {[%clk 1:27:52]} Ng4 {[%clk 1:23:25]} 9. Bf4 {[%clk 1:26:00]} f6 {[%clk
1:14:55]} 10. exf6 {[%clk 1:14:38]} gxf6 {[%clk 1:15:03]} 11. h3 {[%clk
1:13:18]} e5 {[%clk 1:01:10]} 12. Bd2 {[%clk 0:57:57]} Nh6 {[%clk 1:00:48]} 13.
Ne4 {[%clk 0:57:47]} Ng8 {[%clk 0:50:13]} 14. O-O-O {[%clk 0:55:24]} Kc7 {[%clk
0:49:36]} 15. Bc4 {[%clk 0:43:36]} Bf5 {[%clk 0:41:08]} 16. Rhe1 {[%clk
0:43:02]} Bxe4 {[%clk 0:24:11]} 17. Rxe4 {[%clk 0:43:28]} Ne7 {[%clk 0:24:36]}
18. Be6 {[%clk 0:26:19]} Rd8 {[%clk 0:22:10]} 19. f4 {[%clk 0:25:29]} Bh6
{[%clk 0:21:47]} 20. g3 {[%clk 0:13:28]} Rd6 {[%clk 0:19:23]} 21. Bc4 {[%clk
0:13:41]} Rhd8 {[%clk 0:16:46]} 22. Bd3 {[%clk 0:13:55]} Ng6 {[%clk 0:17:02]}
23. Rf1 {[%clk 0:04:40]} f5 {[%clk 0:11:27]} 24. Re2 {[%clk 0:04:48]} e4 {[%clk
0:09:17]} 25. Bc4 {[%clk 0:05:13]} Ne5 {[%clk 0:09:06]} 26. Bb3 {[%clk
0:04:59]} c5 {[%clk 0:08:55]} 27. Be3 {[%clk 0:04:44]} Nd7 {[%clk 0:08:41]} 28.
Rd2 {[%clk 0:03:21]} Rxd2 {[%clk 0:06:24]} 29. Bxd2 {[%clk 0:02:16]} Nb6 {[%clk
0:06:52]} 30. Be6 {[%clk 0:02:28]} Rf8 {[%clk 0:07:17]} 31. g4 {[%clk 0:02:33]}
fxg4 {[%clk 0:04:59]} 32. hxg4 {[%clk 0:03:01]} Kd6 {[%clk 0:05:28]} 33. f5
{[%clk 0:01:39]} e3 {[%clk 0:04:57]} 34. Rh1 {[%clk 0:01:21]} exd2+ {[%clk
0:05:16]} 35. Kd1 {[%clk 0:01:50]} Rf6 {[%clk 0:05:31]} 36. Rh3 {[%clk
0:01:45]} c4 {[%clk 0:03:56]} 37. Rh5 {[%clk 0:01:23]} Bf4 {[%clk 0:04:20]} 38.
g5 {[%clk 0:00:48]} Rxe6 {[%clk 0:04:33]} 39. fxe6 {[%clk 0:01:11]} Na4 {[%clk
0:04:59]} 0-1

[Event "Deutsche Ländermeisterschaft 2021"]
[Site "Neumünster GER"]
[Date "2021.10.04"]
[Round "4"]
[White "Kolb, Tobias"]
[Black "Colbow, Collin"]
[Result "1/2-1/2"]
[Termination "normal"]
[Board "1.3"]
[WhiteTitle "FM"]
[BlackTitle "FM"]
[WhiteElo "2311"]
[BlackElo "2329"]
[WhiteClock "00:07:42"]
[BlackClock "00:31:49"]
[WhiteTeam "Bayern"]
[BlackTeam "SG Bremen / Niedersachsen"]
[PlyCount "90"]
[WhiteFideId "12992321"]
[BlackFideId "16201132"]
[EventCountry "GER"]
[EventRounds "7"]
[EventType "team-swiss"]
[EventDate "2021.10.01"]

1. d4 {[%clk 1:30:59]} Nf6 {[%clk 1:30:54]} 2. c4 {[%clk 1:31:24]} g6 {[%clk
1:31:19]} 3. Nc3 {[%clk 1:31:50]} Bg7 {[%clk 1:31:44]} 4. e4 {[%clk 1:32:16]}
d6 {[%clk 1:32:08]} 5. Be2 {[%clk 1:32:06]} O-O {[%clk 1:30:02]} 6. Nf3 {[%clk
1:32:33]} Bg4 {[%clk 1:20:34]} 7. Be3 {[%clk 1:28:08]} e5 {[%clk 1:15:17]} 8.
d5 {[%clk 1:15:49]} a5 {[%clk 1:13:09]} 9. c5 {[%clk 1:05:55]} dxc5 {[%clk
1:05:48]} 10. Bxc5 {[%clk 1:05:11]} Re8 {[%clk 1:05:41]} 11. O-O {[%clk
0:53:03]} c6 {[%clk 1:00:49]} 12. h3 {[%clk 0:46:12]} Bxf3 {[%clk 0:56:56]} 13.
Bxf3 {[%clk 0:46:28]} Na6 {[%clk 0:55:15]} 14. Be3 {[%clk 0:46:16]} cxd5 {[%clk
0:44:45]} 15. exd5 {[%clk 0:46:26]} e4 {[%clk 0:43:48]} 16. Be2 {[%clk
0:46:44]} Qd6 {[%clk 0:34:06]} 17. Qb3 {[%clk 0:41:48]} Qb4 {[%clk 0:30:51]}
18. Rfd1 {[%clk 0:39:07]} Nd7 {[%clk 0:22:26]} 19. Rac1 {[%clk 0:25:21]} Rac8
{[%clk 0:10:50]} 20. d6 {[%clk 0:16:10]} Qxb3 {[%clk 0:06:08]} 21. axb3 {[%clk
0:16:35]} Bxc3 {[%clk 0:04:52]} 22. bxc3 {[%clk 0:16:09]} Nac5 {[%clk 0:03:44]}
23. Bb5 {[%clk 0:10:41]} Red8 {[%clk 0:03:09]} 24. b4 {[%clk 0:10:59]} Nd3 25.
Bxd3 {[%clk 0:10:05]} exd3 {[%clk 0:01:43]} 26. bxa5 {[%clk 0:10:29]} Ne5
{[%clk 0:02:05]} 27. Bf4 {[%clk 0:10:17]} Rc5 {[%clk 0:02:27]} 28. Bxe5 {[%clk
0:08:09]} Rxe5 {[%clk 0:02:54]} 29. Rxd3 {[%clk 0:08:36]} Rxa5 {[%clk 0:03:19]}
30. g4 {[%clk 0:02:42]} Rc5 {[%clk 0:03:10]} 31. Kg2 {[%clk 0:02:51]} Rc6
{[%clk 0:02:13]} 32. Rcd1 {[%clk 0:03:18]} f6 {[%clk 0:02:37]} 33. f4 {[%clk
0:02:26]} Kf7 {[%clk 0:02:53]} 34. Kf3 {[%clk 0:02:52]} Rd7 {[%clk 0:01:54]}
35. f5 {[%clk 0:01:28]} gxf5 {[%clk 0:02:06]} 36. gxf5 {[%clk 0:01:55]} Rc5
{[%clk 0:02:31]} 37. Ke4 {[%clk 0:01:15]} Rc4+ {[%clk 0:02:47]} 38. Kf3 {[%clk
0:01:41]} Rc5 {[%clk 0:03:03]} 39. Kg4 {[%clk 0:01:29]} Rc4+ {[%clk 0:03:28]}
40. Kh5 {[%clk 0:01:02]} Rc5 {[%clk 0:01:27]} 41. Rf3 {[%clk 0:29:03]} Rc6
{[%clk 0:31:18]} 42. Kh6 {[%clk 0:24:21]} Rc4 {[%clk 0:31:12]} 43. Kh5 {[%clk
0:20:28]} Rc6 {[%clk 0:31:32]} 44. Kh6 {[%clk 0:08:41]} Rc4 {[%clk 0:31:49]}
45. Kh5 {[%clk 0:07:42]} Rc6 1/2-1/2

[Event "Deutsche Ländermeisterschaft 2021"]
[Site "Neumünster GER"]
[Date "2021.10.04"]
[Round "4"]
[White "Schulze, Lara"]
[Black "Schneider, Jana"]
[Result "1-0"]
[Termination "normal"]
[Board "1.4"]
[WhiteTitle "FM"]
[BlackTitle "FM"]
[WhiteElo "2252"]
[BlackElo "2283"]
[WhiteClock "00:02:59"]
[BlackClock "00:04:48"]
[WhiteTeam "SG Bremen / Niedersachsen"]
[BlackTeam "Bayern"]
[PlyCount "109"]
[WhiteFideId "12956830"]
[BlackFideId "12924997"]
[EventCountry "GER"]
[EventRounds "7"]
[EventType "team-swiss"]
[EventDate "2021.10.01"]

1. e4 {[%clk 1:30:57]} e6 {[%clk 1:30:52]} 2. d4 {[%clk 1:31:21]} d5 {[%clk
1:31:19]} 3. Nd2 {[%clk 1:31:45]} c5 {[%clk 1:31:42]} 4. Ngf3 {[%clk 1:32:04]}
cxd4 {[%clk 1:32:00]} 5. Nxd4 {[%clk 1:32:23]} Nc6 {[%clk 1:32:08]} 6. Bb5
{[%clk 1:32:41]} Bd7 {[%clk 1:32:06]} 7. Nxc6 {[%clk 1:32:55]} bxc6 {[%clk
1:31:42]} 8. Bd3 {[%clk 1:33:06]} Bd6 {[%clk 1:28:25]} 9. Qe2 {[%clk 1:32:50]}
Qb8 {[%clk 1:16:00]} 10. Nf3 {[%clk 1:20:42]} Ne7 {[%clk 1:12:46]} 11. e5
{[%clk 1:13:24]} Bc7 {[%clk 1:11:05]} 12. O-O {[%clk 1:13:36]} c5 {[%clk
1:09:13]} 13. c4 {[%clk 1:06:23]} Nc6 {[%clk 1:02:43]} 14. Re1 {[%clk 1:00:17]}
h6 {[%clk 0:56:04]} 15. h4 {[%clk 0:54:30]} a5 {[%clk 0:53:18]} 16. Be3 {[%clk
0:47:15]} d4 {[%clk 0:52:22]} 17. Bf4 {[%clk 0:46:47]} a4 {[%clk 0:46:49]} 18.
h5 {[%clk 0:43:15]} Ra6 {[%clk 0:37:33]} 19. Nd2 {[%clk 0:37:57]} Rb6 {[%clk
0:33:49]} 20. b3 {[%clk 0:35:51]} Nb4 {[%clk 0:24:40]} 21. Bb1 {[%clk 0:33:50]}
Bc6 {[%clk 0:24:30]} 22. Qg4 {[%clk 0:30:11]} Kf8 {[%clk 0:24:27]} 23. Bg3
{[%clk 0:28:40]} d3 {[%clk 0:22:47]} 24. f4 {[%clk 0:23:12]} Qa8 {[%clk
0:14:32]} 25. Bf2 {[%clk 0:21:48]} Qa5 {[%clk 0:14:43]} 26. Qg3 {[%clk
0:21:15]} Rb8 {[%clk 0:14:00]} 27. Qe3 {[%clk 0:18:46]} Kg8 {[%clk 0:13:41]}
28. bxa4 {[%clk 0:11:42]} Qa8 {[%clk 0:12:34]} 29. Bxd3 {[%clk 0:10:45]} Nxd3
{[%clk 0:12:11]} 30. Qxd3 {[%clk 0:11:14]} Ba5 {[%clk 0:09:39]} 31. Re2 {[%clk
0:07:02]} Bxd2 {[%clk 0:09:32]} 32. Rxd2 {[%clk 0:06:39]} Bxg2 {[%clk 0:09:54]}
33. Bxc5 {[%clk 0:05:10]} Bf3 {[%clk 0:08:50]} 34. Rb1 {[%clk 0:01:50]} Rc8
{[%clk 0:08:41]} 35. Qe3 {[%clk 0:00:56]} Bxh5 {[%clk 0:08:30]} 36. Bb6 {[%clk
0:00:40]} Qxa4 {[%clk 0:07:30]} 37. c5 {[%clk 0:00:51]} Kh7 {[%clk 0:07:14]}
38. Kh2 {[%clk 0:00:42]} g5 {[%clk 0:07:02]} 39. Rf1 {[%clk 0:00:42]} Rhg8
{[%clk 0:06:44]} 40. Rdf2 {[%clk 0:00:36]} g4 {[%clk 0:04:17]} 41. Kg3 {[%clk
0:26:14]} Bg6 {[%clk 0:29:07]} 42. f5 {[%clk 0:17:43]} exf5 {[%clk 0:29:19]}
43. Rh1 {[%clk 0:16:39]} h5 {[%clk 0:29:29]} 44. Rxf5 {[%clk 0:07:30]} Kg7
{[%clk 0:18:24]} 45. Rf2 {[%clk 0:07:06]} Qc6 {[%clk 0:16:37]} 46. Rhh2 {[%clk
0:04:06]} Ra8 {[%clk 0:16:32]} 47. Rf6 {[%clk 0:03:56]} Qd5 {[%clk 0:14:24]}
48. Rd6 {[%clk 0:02:41]} Qc4 {[%clk 0:13:13]} 49. e6 {[%clk 0:02:41]} fxe6
{[%clk 0:08:06]} 50. Rxe6 {[%clk 0:01:41]} Raf8 {[%clk 0:03:12]} 51. Qe5+
{[%clk 0:01:44]} Kh7 {[%clk 0:03:37]} 52. Rxh5+ {[%clk 0:01:51]} Bxh5 {[%clk
0:04:01]} 53. Qxh5+ {[%clk 0:02:17]} Kg7 {[%clk 0:04:24]} 54. Qg6+ {[%clk
0:02:35]} Kh8 {[%clk 0:04:48]} 55. Qh6# {[%clk 0:02:59]} 1-0

[Event "Deutsche Ländermeisterschaft 2021"]
[Site "Neumünster GER"]
[Date "2021.10.04"]
[Round "4"]
[White "Pfeffer, Samuel"]
[Black "Albert, Markus"]
[Result "0-1"]
[Termination "normal"]
[Board "1.6"]
[WhiteElo "1497"]
[BlackElo "1938"]
[WhiteClock "01:11:56"]
[BlackClock "00:57:04"]
[WhiteTeam "SG Bremen / Niedersachsen"]
[BlackTeam "Bayern"]
[PlyCount "56"]
[WhiteFideId "16249160"]
[BlackFideId "16292626"]
[EventCountry "GER"]
[EventRounds "7"]
[EventType "team-swiss"]
[EventDate "2021.10.01"]

1. Nf3 {[%clk 1:30:58]} d6 {[%clk 1:30:36]} 2. d4 {[%clk 1:30:57]} Bg4 {[%clk
1:30:49]} 3. e4 {[%clk 1:30:34]} Nd7 {[%clk 1:30:16]} 4. Be2 {[%clk 1:30:27]}
e5 {[%clk 1:30:29]} 5. c3 {[%clk 1:29:07]} Ngf6 {[%clk 1:30:03]} 6. Qc2 {[%clk
1:29:01]} c6 {[%clk 1:30:06]} 7. O-O {[%clk 1:28:39]} Be7 {[%clk 1:29:47]} 8.
Be3 {[%clk 1:28:21]} Qc7 {[%clk 1:22:30]} 9. Nbd2 {[%clk 1:26:13]} Bh5 {[%clk
1:16:03]} 10. h3 {[%clk 1:25:04]} h6 {[%clk 1:11:35]} 11. Nc4 {[%clk 1:22:30]}
Bg6 {[%clk 1:08:30]} 12. Bd3 {[%clk 1:21:40]} O-O {[%clk 1:00:21]} 13. Nh4
{[%clk 1:17:43]} Bh7 {[%clk 0:57:28]} 14. Nf5 {[%clk 1:14:57]} Bxf5 {[%clk
0:56:34]} 15. exf5 {[%clk 1:15:23]} e4 {[%clk 0:56:35]} 16. Bxe4 {[%clk
1:14:39]} d5 {[%clk 0:56:51]} 17. Bf3 {[%clk 1:12:38]} dxc4 {[%clk 0:57:01]}
18. g4 {[%clk 1:12:59]} Nd5 {[%clk 0:56:56]} 19. Bxd5 {[%clk 1:12:55]} cxd5
{[%clk 0:57:19]} 20. Qd2 {[%clk 1:11:53]} Nf6 {[%clk 0:57:18]} 21. Bxh6 {[%clk
1:10:18]} Ne4 {[%clk 0:57:08]} 22. Qe3 {[%clk 1:10:44]} gxh6 {[%clk 0:57:22]}
23. Qxh6 {[%clk 1:11:11]} Qd6 {[%clk 0:57:25]} 24. Qe3 {[%clk 1:11:29]} Kh7
{[%clk 0:56:46]} 25. f4 {[%clk 1:11:47]} Rg8 {[%clk 0:56:43]} 26. Kh1 {[%clk
1:11:54]} Rae8 {[%clk 0:56:39]} 27. Rad1 {[%clk 1:11:39]} Bh4 {[%clk 0:56:44]}
28. Qf3 {[%clk 1:11:56]} Ng3+ {[%clk 0:57:04]} 0-1

[Event "Deutsche Ländermeisterschaft 2021"]
[Site "Neumünster GER"]
[Date "2021.10.04"]
[Round "4"]
[White "Huber, Benedikt"]
[Black "Evering, Enna"]
[Result "1-0"]
[Termination "normal"]
[Board "1.7"]
[WhiteElo "1722"]
[BlackElo "1568"]
[WhiteClock "00:08:07"]
[BlackClock "00:03:20"]
[WhiteTeam "Bayern"]
[BlackTeam "SG Bremen / Niedersachsen"]
[PlyCount "75"]
[WhiteFideId "16281225"]
[BlackFideId "16218213"]
[EventCountry "GER"]
[EventRounds "7"]
[EventType "team-swiss"]
[EventDate "2021.10.01"]

1. e4 {[%clk 1:30:55]} e5 {[%clk 1:30:47]} 2. Nf3 {[%clk 1:31:17]} Nc6 {[%clk
1:31:09]} 3. d4 {[%clk 1:31:42]} exd4 {[%clk 1:31:31]} 4. Nxd4 {[%clk 1:32:07]}
Nge7 {[%clk 1:31:48]} 5. Be3 {[%clk 1:26:16]} Nxd4 {[%clk 1:29:55]} 6. Bxd4
{[%clk 1:25:40]} Nc6 {[%clk 1:28:37]} 7. Nc3 {[%clk 1:24:47]} Nxd4 {[%clk
1:18:55]} 8. Qxd4 {[%clk 1:25:07]} c6 {[%clk 1:17:48]} 9. Bc4 {[%clk 1:17:43]}
Qg5 {[%clk 1:14:36]} 10. O-O {[%clk 1:15:01]} Bc5 {[%clk 1:11:46]} 11. Qd3
{[%clk 1:13:33]} O-O {[%clk 1:07:39]} 12. Kh1 {[%clk 1:06:26]} a5 {[%clk
1:04:59]} 13. f4 {[%clk 1:04:06]} Qh5 {[%clk 0:59:00]} 14. a4 {[%clk 1:02:09]}
Kh8 {[%clk 0:52:06]} 15. e5 {[%clk 0:53:26]} f6 {[%clk 0:42:35]} 16. exf6
{[%clk 0:42:47]} Rxf6 {[%clk 0:40:16]} 17. Ne4 {[%clk 0:36:45]} Rh6 {[%clk
0:36:32]} 18. h3 {[%clk 0:34:01]} d6 {[%clk 0:30:44]} 19. Ng5 {[%clk 0:31:01]}
d5 {[%clk 0:25:01]} 20. Bxd5 {[%clk 0:24:59]} cxd5 {[%clk 0:22:34]} 21. Qxd5
{[%clk 0:24:46]} Bxh3 {[%clk 0:10:14]} 22. gxh3 {[%clk 0:23:16]} Rf8 {[%clk
0:06:49]} 23. Qxc5 {[%clk 0:21:17]} Rhf6 {[%clk 0:07:00]} 24. Qe3 {[%clk
0:19:48]} h6 {[%clk 0:06:02]} 25. Ne4 {[%clk 0:18:33]} Re6 {[%clk 0:05:35]} 26.
Qd3 {[%clk 0:16:48]} Rfe8 {[%clk 0:05:13]} 27. Rae1 {[%clk 0:09:16]} Qf5 {[%clk
0:04:53]} 28. Nf2 {[%clk 0:08:44]} Rxe1 {[%clk 0:03:57]} 29. Qxf5 {[%clk
0:08:57]} Rxf1+ {[%clk 0:04:22]} 30. Kg2 {[%clk 0:09:20]} Ree1 {[%clk 0:04:19]}
31. Qc8+ {[%clk 0:08:31]} Kh7 {[%clk 0:04:45]} 32. Qxb7 {[%clk 0:08:02]} Rg1+
{[%clk 0:04:31]} 33. Kf3 {[%clk 0:08:25]} Ref1 {[%clk 0:04:11]} 34. c4 {[%clk
0:07:39]} Rh1 {[%clk 0:03:45]} 35. c5 {[%clk 0:07:07]} Rh2 {[%clk 0:03:40]} 36.
Qe4+ {[%clk 0:07:21]} Kg8 {[%clk 0:03:56]} 37. Qc4+ {[%clk 0:07:43]} Kh8 {[%clk
0:03:20]} 38. Qxf1 {[%clk 0:08:07]} 1-0

[Event "Deutsche Ländermeisterschaft 2021"]
[Site "Neumünster GER"]
[Date "2021.10.04"]
[Round "4"]
[White "Nguyen, Alex Dac-Vuong"]
[Black "Stelmaszyk, Nico"]
[Result "1-0"]
[Termination "normal"]
[Board "2.1"]
[WhiteTitle "FM"]
[BlackTitle "FM"]
[WhiteElo "2286"]
[BlackElo "2311"]
[WhiteClock "00:09:02"]
[BlackClock "00:01:35"]
[WhiteTeam "Sachsen"]
[BlackTeam "Niedersachsen"]
[PlyCount "85"]
[WhiteFideId "12984388"]
[BlackFideId "16200462"]
[EventCountry "GER"]
[EventRounds "7"]
[EventType "team-swiss"]
[EventDate "2021.10.01"]

1. e4 {[%clk 1:30:56]} c5 {[%clk 1:30:57]} 2. Nf3 {[%clk 1:31:19]} Nc6 {[%clk
1:31:22]} 3. Bb5 {[%clk 1:31:44]} g6 {[%clk 1:31:39]} 4. O-O {[%clk 1:32:08]}
Bg7 {[%clk 1:32:06]} 5. c3 {[%clk 1:32:32]} Nf6 {[%clk 1:32:20]} 6. Re1 {[%clk
1:32:10]} O-O {[%clk 1:32:40]} 7. d4 {[%clk 1:32:37]} a6 {[%clk 1:33:04]} 8.
Bf1 {[%clk 1:06:13]} d5 {[%clk 1:33:28]} 9. e5 {[%clk 1:04:02]} Ne4 {[%clk
1:33:53]} 10. Be3 {[%clk 1:03:14]} cxd4 {[%clk 1:33:51]} 11. cxd4 {[%clk
1:02:14]} f6 {[%clk 1:24:19]} 12. exf6 {[%clk 1:02:06]} exf6 {[%clk 1:24:34]}
13. Nc3 {[%clk 0:56:55]} Be6 {[%clk 1:16:39]} 14. Rc1 {[%clk 0:51:15]} Bf7
{[%clk 1:11:46]} 15. Bd3 {[%clk 0:44:59]} Re8 {[%clk 1:07:22]} 16. a3 {[%clk
0:36:25]} Rc8 {[%clk 0:51:01]} 17. Na4 {[%clk 0:32:38]} f5 {[%clk 0:45:13]} 18.
Bb1 {[%clk 0:26:51]} b5 {[%clk 0:37:14]} 19. Nc5 {[%clk 0:25:06]} Nxc5 {[%clk
0:35:49]} 20. Rxc5 {[%clk 0:24:48]} f4 {[%clk 0:18:59]} 21. Rxc6 {[%clk
0:20:04]} Rxc6 {[%clk 0:18:47]} 22. Bxf4 {[%clk 0:20:29]} Rxe1+ {[%clk
0:13:31]} 23. Qxe1 {[%clk 0:20:37]} Qf8 {[%clk 0:13:24]} 24. Qd2 {[%clk
0:20:02]} b4 {[%clk 0:08:07]} 25. a4 {[%clk 0:19:03]} b3 {[%clk 0:07:24]} 26.
h3 {[%clk 0:17:15]} Rc4 {[%clk 0:07:01]} 27. Bd3 {[%clk 0:13:55]} Rxa4 {[%clk
0:06:59]} 28. Qc3 {[%clk 0:14:11]} Be6 {[%clk 0:06:16]} 29. Bg3 {[%clk
0:13:05]} Ra1+ {[%clk 0:04:50]} 30. Kh2 {[%clk 0:13:29]} Bf5 {[%clk 0:04:46]}
31. Be2 {[%clk 0:13:00]} Bc2 {[%clk 0:02:56]} 32. Qc6 {[%clk 0:12:33]} Be4
{[%clk 0:02:37]} 33. Ng5 {[%clk 0:12:16]} Bxd4 {[%clk 0:01:01]} 34. Nxe4 {[%clk
0:12:06]} Bxb2 {[%clk 0:00:53]} 35. Qxd5+ {[%clk 0:10:48]} Qf7 {[%clk 0:01:03]}
36. Qd8+ {[%clk 0:07:29]} Kg7 {[%clk 0:01:27]} 37. Nd6 {[%clk 0:07:53]} Bf6
{[%clk 0:01:02]} 38. Ne8+ {[%clk 0:08:10]} Kh6 {[%clk 0:01:26]} 39. Nxf6 {[%clk
0:08:24]} g5 {[%clk 0:00:45]} 40. Ng4+ {[%clk 0:08:25]} Kg7 {[%clk 0:01:01]}
41. Be5+ {[%clk 0:08:25]} Kg6 {[%clk 0:01:14]} 42. Qd6+ {[%clk 0:08:41]} Kf5
{[%clk 0:01:35]} 43. Bd3# {[%clk 0:09:02]} 1-0